| 000 | 00621nam a22002177a 4500 | ||
|---|---|---|---|
| 003 | OSt | ||
| 005 | 20251202135006.0 | ||
| 008 | 251202b |||||||| |||| 00| 0 eng d | ||
| 020 | _a971-8740-96-1. | ||
| 040 |
_aDWCL-Admin lib _cOC |
||
| 082 | _aFil. 512 Al386m 2008 | ||
| 100 | _aAlferez, Merle S. | ||
| 245 |
_aMSA advanced algebra / _cMerle S. Alferez |
||
| 260 |
_a Quezon City : _bMSA Pub. House, _cc2008 |
||
| 300 |
_a391 p. : _bill. ; _c28 cm. |
||
| 504 | _aIncludes index. | ||
| 650 | _a1. Algebra | ||
| 700 | _aDuro, Ma. Cecilia A. | ||
| 700 | _aTupaz, Karla Katrina L. | ||
| 942 |
_2ddc _cBK - FIL _kFil. _n0 |
||
| 999 |
_c6715 _d6715 |
||